Waste management sites, insolvency and long term financial provision - the story continues... (Record no. 117413)

MARC details
000 -LEADER
fixed length control field 01585cam a2200265 4500
001 - CONTROL NUMBER
control field ABS67882
008 - FIXED-LENGTH DATA ELEMENTS--GENERAL INFORMATION
fixed length control field 040528n2004 000 0 eng u
035 ## - SYSTEM CONTROL NUMBER
System control number (Sirsi) u126310
100 ## - MAIN ENTRY--PERSONAL NAME
Personal name Shelbourn, C.
245 ## - TITLE STATEMENT
Title Waste management sites, insolvency and long term financial provision - the story continues...
260 ## - PUBLICATION, DISTRIBUTION, ETC.
Date of publication, distribution, etc. 2004
490 ## - SERIES STATEMENT
Series statement Journal of Planning and Environment Law
Volume/sequential designation June 2004, 697-707(11)
520 ## - SUMMARY, ETC.
Summary, etc. Discusses the need for some legal means of securing long term care of waste management sites. During the 1980s, the Control of Pollution Act 1974 s8(4), allowed holders of waste disposal licences to cancel at any time. Once the licence was handed back to the issuing authority, all obligations ended and the ex-licence holder had no further liability for the site and any problems which might arise from it. The provisions contained in the Environmental Protection Act 1990 for long term after care of waste management sites have been weakened by two court cases: "Official Receiver (as liquidator of Celtic Extraction Ltd & Bluestone Chemicals Ltd) v Environment Agency" ([1999] 46 EG, Abs61612) and "Environment Agency v Hillridge Ltd and others" ([2003] EWHC 3023 (Ch).
590 ## - LOCAL NOTE (RLIN)
Local note ABS
590 ## - LOCAL NOTE (RLIN)
Local note ABS
650 ## - SUBJECT ADDED ENTRY--TOPICAL TERM
Topical term or geographic name entry element WASTE MANAGEMENT SITES
650 ## - SUBJECT ADDED ENTRY--TOPICAL TERM
Topical term or geographic name entry element ENVIRONMENTAL PROTECTION ACT 1990
650 ## - SUBJECT ADDED ENTRY--TOPICAL TERM
Topical term or geographic name entry element Insolvency
9 (RLIN) 6247
650 ## - SUBJECT ADDED ENTRY--TOPICAL TERM
Topical term or geographic name entry element LIABILITY
650 ## - SUBJECT ADDED ENTRY--TOPICAL TERM
Topical term or geographic name entry element FINANCIAL SECURITY
650 ## - SUBJECT ADDED ENTRY--TOPICAL TERM
Topical term or geographic name entry element OFFICIAL RECEIVER V ENVIRONMENT AGENCY
650 ## - SUBJECT ADDED ENTRY--TOPICAL TERM
Topical term or geographic name entry element ENVIRONMENT AGENCY V HILLRIDGE LTD AND OTHERS
690 ## - LOCAL SUBJECT ADDED ENTRY--TOPICAL TERM (OCLC, RLIN)
Topical term or geographic name as entry element WASTE MANAGEMENT
942 ## - ADDED ENTRY ELEMENTS (KOHA)
Suppress in OPAC 0
Holdings
Withdrawn status Lost status Source of classification or shelving scheme Damaged status Not for loan Home library Current library Shelving location Date acquired Total Checkouts Full call number Barcode Date last seen Copy number Price effective from Koha item type
    Dewey Decimal Classification     London London Journal article 28/05/2004   ABS67882 126310-1001 06/08/2019 1 06/08/2019 Journal article